Đặc điểm quan hệ gắn kết giữa trẻ tiểu học có rối loạn tăng động giảm chú ý và người chăm sóc /
Tallennettuna:
| Päätekijä: | |
|---|---|
| Aineistotyyppi: | Artikkeli |
| Kieli: | Vietnamese |
| Aiheet: | |
| Tagit: |
Lisää tagi
Ei tageja, Lisää ensimmäinen tagi!
|
| Thư viện lưu trữ: | Thư viện Trường Đại học Đà Lạt |
|---|
| LEADER | 00850nam a2200265 4500 | ||
|---|---|---|---|
| 001 | DLU090085341 | ||
| 005 | ##20091130 | ||
| 040 | # | # | |a DLU |b vie |
| 041 | # | # | |a vie |
| 044 | # | # | |a vn |
| 100 | # | # | |a Nguyễn Thị Vân Thanh. |
| 245 | # | # | |a Đặc điểm quan hệ gắn kết giữa trẻ tiểu học có rối loạn tăng động giảm chú ý và người chăm sóc / |c Nguyễn Thị Vân Thanh. |
| 653 | # | # | |a Bệnh lí thần kinh |
| 653 | # | # | |a Liệu pháp vật lí |
| 653 | # | # | |a Tâm sinh lí |
| 773 | # | # | |t Tâm lí học |g Số 12(117), 2008, tr. 53-60 |
| 920 | # | # | |a Phòng Tạp chí -- Trung tâm Thông tin - Thư viện Trường Đại học Đà Lạt |
| 994 | # | # | |a DLU |
| 900 | # | # | |a True |
| 911 | # | # | |a Nguyễn Thị Linh Chi |
| 925 | # | # | |a G |
| 926 | # | # | |a A |
| 927 | # | # | |a BB |
| 980 | # | # | |a Thư viện Trường Đại học Đà Lạt |